000 00418nam a2200169Ia 4500
008 221030s9999 xx 000 0 und d
020 _a8184082846
041 _aEnglish
100 _aJ. Farley
245 0 _aJava Enterprise in a Nutshell
_cby J. Farley, W. Crawford
250 _a3rd
260 _bShroff Pub.
_aNew Delhi
_c2007
300 _a886
650 _aBE Computer
700 _aW. Crawford
942 _cBK
999 _c16579
_d16579